Archer's goon (Record no. 50814)

MARC details
000 -LEADER
fixed length control field 00655nam a2200241 i 4500
001 - CONTROL NUMBER
control field C2-0234589
003 - CONTROL NUMBER IDENTIFIER
control field PPAK
005 - DATE AND TIME OF LATEST TRANSACTION
control field 20180727195002.0
008 - FIXED-LENGTH DATA ELEMENTS--GENERAL INFORMATION
fixed length control field 010802s2000 enka|||| ||||| | eng d
020 ## - INTERNATIONAL STANDARD BOOK NUMBER
International Standard Book Number 0006755275
040 ## - CATALOGING SOURCE
Original cataloging agency PPAK
Language of cataloging eng
Transcribing agency PPAK
Description conventions rda
082 04 - DEWEY DECIMAL CLASSIFICATION NUMBER
Classification number 823
Edition number 23
090 00 - LOCALLY ASSIGNED LC-TYPE CALL NUMBER (OCLC); LOCAL CALL NUMBER (RLIN)
Classification number (OCLC) (R) ; Classification number, CALL (RLIN) (NR) 823
Feature heading JON
Feature heading K
100 1# - MAIN ENTRY--PERSONAL NAME
Personal name Jones, Diana Wynne,
Relator term author
245 10 - TITLE STATEMENT
Title Archer's goon
264 #1 - PRODUCTION, PUBLICATION, DISTRIBUTION, MANUFACTURE, AND COPYRIGHT NOTICE
Place of production, publication, distribution, manufacture London :
Name of producer, publisher, distributor, manufacturer Harper Collins Publishers ,
Date of production, publication, distribution, manufacture, or copyright notice 2000
300 ## - PHYSICAL DESCRIPTION
Extent 316 pages :
Other physical details illustrations ;
Dimensions 20 cm
336 ## - CONTENT TYPE
Source rdacontent
Content type term text
337 ## - MEDIA TYPE
Source rdamedia
Media type term unmediated
338 ## - CARRIER TYPE
Source rdacarrier
Carrier type term volume
650 10 - SUBJECT ADDED ENTRY--TOPICAL TERM
Topical term or geographic name entry element Children's stories, English
942 ## - ADDED ENTRY ELEMENTS (KOHA)
-- dc
Koha item type Book
Holdings
Withdrawn Not for loan Current library Shelving location Date acquired Total Checkouts Full call number Barcode Date last seen Date last checked out Koha item type
    Perpustakaan Bandar Baharu Pinjaman Kanak-kanak 03/01/2002   K 823 JON A00982936 08/05/2018   Book
    Perpustakaan Kulim Pinjaman Kanak-kanak 03/01/2002   K 823 JON A00982934 08/05/2018   Book
    Perpustakaan Langkawi Pinjaman Kanak-kanak 03/01/2002 1 K 823 JON A00982933 23/02/2025 02/02/2025 Book
    Perpustakaan Yan Pinjaman Kanak-kanak 03/01/2002   K 823 JON A00982935 08/05/2018   Book